Central Library OPAC University of Rajshahi

White-haired melody / (Record no. 63016)

MARC details
000 -LEADER
fixed length control field 01254nam a2200337 a 4500
001 - CONTROL NUMBER
control field 63016
003 - CONTROL NUMBER IDENTIFIER
rucl marc code BD-RjUL
005 - DATE AND TIME OF LATEST TRANSACTION
control field 20211209081142.0
008 - FIXED-LENGTH DATA ELEMENTS--GENERAL INFORMATION
fixed length control field 170128s2008 miu s000 1 eng d
020 ## - INTERNATIONAL STANDARD BOOK NUMBER
International Standard Book Number 9781929280469 (cloth : alk. paper)
035 ## - SYSTEM CONTROL NUMBER
System control number (BD-RjUL)63144
System control number (OCoLC)228744325
System control number (DLC)2008021900
System control number (UkLCURL)982008021900
040 ## - CATALOGING SOURCE
Original cataloging agency DLC
Transcribing agency DLC
Modifying agency BTCTA
-- OCLCG
-- YDXCP
-- BD-RjUL
-- DLC
Language of cataloging eng
041 1# - LANGUAGE CODE
Language code of text/sound track or separate title eng
Language code of original jpn
082 00 - DEWEY DECIMAL CLASSIFICATION NUMBER
Classification number 895.635
Edition number 22
Author mark and year YOW 2008
090 ## - LOCALLY ASSIGNED LC-TYPE CALL NUMBER (OCLC); LOCAL CALL NUMBER (OCLC)
Classification number (OCLC) (R) ; Classification number, CALL (RLIN) (NR) LCo
100 1# - MAIN ENTRY--PERSONAL NAME
Personal name Yoshikichi, Furui
Dates associated with a name 1937-
9 (RLIN) 187462
245 10 - TITLE STATEMENT
Title White-haired melody /
Statement of responsibility, etc. Furui Yoshikichi ; translated by Meredith McKinney.
260 ## - PUBLICATION, DISTRIBUTION, ETC. (IMPRINT)
Place of publication, distribution, etc. Ann Arbor, Mich. :
Name of publisher, distributor, etc. Center for Japanese Studies, The University of Michigan,
Date of publication, distribution, etc. 2008.
300 ## - PHYSICAL DESCRIPTION
Pagination 275 p. ;
Size 24 cm.
500 ## - GENERAL NOTE
General note "This book has been selected by the Japanese Literature Publishing Project (JLPP)"--T.p. verso.
650 #0 - SUBJECT ADDED ENTRY--TOPICAL TERM
Topical term or geographic name as entry element Japanese literature
Form subdivision Translations into English.
9 (RLIN) 187114
700 1# - ADDED ENTRY--PERSONAL NAME
Personal name McKinney, Meredith,
Dates associated with a name 1950-
710 2# - ADDED ENTRY--CORPORATE NAME
Corporate name or jurisdiction name as entry element Japanese Literature Publishing Project.
9 (RLIN) 185470
830 #0 - SERIES ADDED ENTRY--UNIFORM TITLE
Uniform title Michigan monograph series in Japanese studies ;
Volume number/sequential designation no. 61
942 ## - ADDED ENTRY ELEMENTS (KOHA)
Source of classification or shelving scheme Dewey Decimal Classification
Koha item type Books
Holdings
Lost status Source of classification or shelving scheme Damaged status Not for loan Collection code Permanent Location Current Location Shelving location Date acquired Source of acquisition Total Checkouts Full call number Date last seen Copy number Koha item type
  Dewey Decimal Classification   Not For Loan Non-fiction Central Library, University of Rajshahi Central Library, University of Rajshahi Reading Room 02/04/2009 Japanese International   895.635 YOW 2008 28/01/2017 C-1 Books